Statistics for Car Brands Quiz #1

Click here to take the quiz!

General Stats

  • This quiz has been taken 130,523 times
    (93,392 since last reset)
  • The average score is 13 of 21

Answer Stats

Model Brand % Correct
BeetleVolkswagen
91%
CorollaToyota
89%
AccordHonda
89%
CorvetteChevrolet
85%
CherokeeJeep
79%
911 CarreraPorsche
72%
ViperDodge
72%
MaximaNissan
66%
EscaladeCadillac
61%
Crown VictoriaFord
60%
SportageKia
60%
ElantraHyundai
57%
Grand AmPontiac
54%
VeyronBugatti
51%
OutbackSubaru
50%
NavigatorLincoln
49%
LeSabreBuick
44%
GalantMitsubishi
40%
CutlassOldsmobile
35%
IonSaturn
26%
GremlinAMC
23%

Score Distribution

Percentile by Number Answered

Percent of People with Each Score

Your Score History

You have not taken this quiz since the last reset